| 000 | 01064cam a2200241 4500 | ||
|---|---|---|---|
| 001 | B1617 | ||
| 008 | 090401t1983 xxu||||| |||| 00| 0 eng d | ||
| 035 | _a(Sirsi) u45466 | ||
| 041 | _aeng | ||
| 050 | _a333.337 | ||
| 110 |
_aFitch and Company Shopping Centre Consortium _92323 |
||
| 245 | _aShopping Centre Report | ||
| 260 |
_aLondon _bFitch and Company _c1983-1988 |
||
| 300 | _a(4)p. : ill. ; 30cm. | ||
| 350 | _a0 | ||
| 490 | _aShopping Centre Report | ||
| 520 | _aIn series: 1. SEPTEMBER/OCTOBER 1983 The unlet shop 2, NOVEMBER/DECEMBER 1983 Food Courts; 3. FEBRUARY/MARCH 1984 Creative Market Planning; 4. APRIL/MAY 1984 Branding a shopping centre; 5. AUTUMN 1984 Cars, drives and parking ; 6. WINTER 1984/85 Seven day trading; 7. SPRING 1985 Added Retail Value; 8. AUTUMN 1985 Women; 9. SPRING 1986 Enlivenment; 10. SPRING 1987 Age; 11. SPRING/SUMMER 1988 Urban Retailing and Inner City Regeneration | ||
| 650 | _aFOOD COURTS | ||
| 650 | _aRETAIL PROPERTY | ||
| 650 | _aSHOPPING CENTRES | ||
| 942 |
_n0 _2ddc |
||
| 948 | _c04/03/1997 | ||
| 999 |
_c91730 _d91730 |
||